|
|
|
|
| LEADER |
01501nam a2200337 a 4500 |
| 001 |
000028647 |
| 003 |
CZ BrMZK |
| 005 |
20080916143713.0 |
| 007 |
ta |
| 008 |
010907s1982 xr f cze d |
| 015 |
|
|
|a cnb000001306
|
| 035 |
|
|
|a (OCoLC)85543169
|
| 040 |
|
|
|a BOA001
|b cze
|c BOA002
|
| 080 |
9 |
|
|a 635.952
|
| 100 |
1 |
|
|a Haager, Jiří,
|d 1943-2022
|7 jk01032877
|4 aut
|
| 245 |
1 |
0 |
|a Kapesní atlas pěstovaných exotických rostlin /
|c naps. Jiří Hager, Jindra Dušek a Jaroslav Křístek
|
| 250 |
|
|
|a 1. vyd.
|
| 260 |
|
|
|a Praha :
|b Státní pedagogické nakladatelství,
|c 1982
|
| 300 |
|
|
|a 301 s.
|
| 490 |
1 |
|
|a Obrazové atlasy pro všeobecně vzdělávací školy
|
| 504 |
|
|
|a Bibliografie na s. 300
|
| 700 |
1 |
|
|a Křístek, Jaroslav,
|d 1928-
|7 jk01070087
|4 aut
|
| 700 |
1 |
|
|a Dušek, Jindra,
|d 1931-2009
|7 jk01023409
|4 aut
|
| 830 |
|
0 |
|a Obrazové atlasy pro všeobecně vzdělávací školy
|
| 856 |
4 |
1 |
|u http://www.digitalniknihovna.cz/mzk/uuid/uuid:0f61e3d0-6de8-11e2-8ed6-005056827e52
|y Digitalizovaný dokument
|x NDK
|
| 910 |
|
|
|a BOA001
|b PK-A-0018.055
|b TK-0212.517
|b 1-0853.172
|
| 964 |
|
|
|a Rostliny exotické pokojové - atlasy - školy střední
|
| 990 |
|
|
|a BK
|
| 996 |
6 |
|
|b 2619584168
|c 1-0853.172
|l MZK
|r Sklad / do 1 hodiny
|n 3
|w 000028647
|u 000030
|a 1
|e BOA001
|j MZK50
|s P
|
| 996 |
7 |
|
|b 2629954459
|c TK-0212.517
|l MZK
|r Sklad / do 24 hodin
|n 0
|w 000028647
|u 000020
|a 1
|e BOA001
|j MZK50
|s A
|
| 996 |
7 |
|
|b 3119991719
|c PK-A-0018.055
|l MZK
|r Sklad / do 1 hodiny
|n 13
|w 000028647
|u 000010
|a 1
|e BOA001
|j MZK50
|s A
|